The Home Distiller's Workbook (Record no. 1827)

000 -LEADER
fixed length control field 00601nam a22002057a 4500
003 - CONTROL NUMBER IDENTIFIER
control field OSt
005 - DATE AND TIME OF LATEST TRANSACTION
control field 20210419082623.0
008 - FIXED-LENGTH DATA ELEMENTS--GENERAL INFORMATION
fixed length control field 210302s2013 ||||| |||| 00| 0 eng d
020 ## - INTERNATIONAL STANDARD BOOK NUMBER
International Standard Book Number 9781469989396
040 ## - CATALOGING SOURCE
Original cataloging agency eng
Language of cataloging eng
Transcribing agency DLC
041 ## - LANGUAGE CODE
Language code of text/sound track or separate title eng
080 ## - UNIVERSAL DECIMAL CLASSIFICATION NUMBER
Universal Decimal Classification number 663.2
Item number K-46
100 ## - MAIN ENTRY--PERSONAL NAME
9 (RLIN) 1199
Personal name King, Jeff
245 ## - TITLE STATEMENT
Title The Home Distiller's Workbook
Remainder of title : Your Guide to Making Moonshine, Whiskey, Vodka, Rum and so Much More
Statement of responsibility, etc. / by: FOI Publishing
260 ## - PUBLICATION, DISTRIBUTION, ETC.
Name of publisher, distributor, etc. FOI Publishing
Date of publication, distribution, etc. 2013
300 ## - PHYSICAL DESCRIPTION
Extent 90 p.
Other physical details ill.
650 #0 - SUBJECT ADDED ENTRY--TOPICAL TERM
9 (RLIN) 729
Topical term or geographic name entry element Wine Making
653 ## - INDEX TERM--UNCONTROLLED
Uncontrolled term მეღვინეობა
942 ## - ADDED ENTRY ELEMENTS (KOHA)
Source of classification or shelving scheme
Koha item type Books
Holdings
Withdrawn status Lost status Source of classification or shelving scheme Damaged status Not for loan Permanent location Current location Date acquired Inventory number Total Checkouts Full call number Barcode Date last seen Price effective from Koha item type
          Ken Walker International University Ken Walker International University 03/02/2021 1618   663.2 K-46 1618 03/02/2021 03/02/2021 Books

Powered by Koha